French Actors - Picture Quiz - Statistics

General Stats
  • This quiz has been taken 154 times
  • The average score is 9 of 16
Answer Stats
Picture Answer % Correct
Gérard Depardieu
87%
Marion Cotillard
83%
Catherine Deneuve
76%
Jean Dujardin
75%
Omar Sy
72%
Audrey Tautou
69%
Alain Delon
67%
Juliette Binoche
63%
Eva Green
60%
Charlotte Gainsbourg
58%
Daniel Auteuil
51%
Bérénice Bejo
28%
Isabelle Adjani
28%
Isabelle Huppert
23%
Yvan Attal
22%
Charles Boyer
13%
No matching quizzes found
Score Distribution
Percent of People with Each Score
Percentile by Number Answered
Your Score History
You have not taken this quiz